Faculty of Law Library — Cairo University

Official Online Catalog

نحو تعزيز حماية البيئة الأثرية المصرية فى العلاقات الخاصة الدولية / (Record no. 42683)

MARC details
000 -LEADER
fixed length control field 01416nam a2200349 i 4500
003 - CONTROL NUMBER IDENTIFIER
control field EG-GICUC
005 - DATE AND TIME OF LATEST TRANSACTION
control field 20260121101212.0
008 - FIXED-LENGTH DATA ELEMENTS--GENERAL INFORMATION
fixed length control field 251111s1997 UA ||||fr|||| 000 0 ARA d
017 ## - COPYRIGHT OR LEGAL DEPOSIT NUMBER
Copyright or legal deposit number 97/15/74
020 ## - INTERNATIONAL STANDARD BOOK NUMBER
International Standard Book Number 997-04-2252-
040 ## - CATALOGING SOURCE
Original cataloging agency EG-GICUC
Language of cataloging ara
Transcribing agency EG-GICUC
Modifying agency EG-GICUC
Description conventions rda
041 0# - LANGUAGE CODE
Language code of text/sound track or separate title ARA
082 04 - DEWEY DECIMAL CLASSIFICATION NUMBER
Edition number 21
Classification number 341.77
Item number أ ب . ن
092 04 - LOCALLY ASSIGNED DEWEY CALL NUMBER (OCLC)
Edition number 21
099 ## - LOCAL FREE-TEXT CALL NUMBER (OCLC)
Classification number Law1 11 1997 341.77 أ ب . ن
100 0# - MAIN ENTRY--PERSONAL NAME
Personal name أبو العلا على أبو العلا النمر ،
Relator term مؤلف.
245 10 - TITLE STATEMENT
Title نحو تعزيز حماية البيئة الأثرية المصرية فى العلاقات الخاصة الدولية /
Statement of responsibility, etc. تأليف الدكتور أبو العلا على أبو العلا النمر .
250 ## - EDITION STATEMENT
Edition statement الطبعة الأولى
264 #1 - PRODUCTION, PUBLICATION, DISTRIBUTION, MANUFACTURE, AND COPYRIGHT NOTICE
Place of production, publication, distribution, manufacture القاهرة :
Name of producer, publisher, distributor, manufacturer دار النهضة العربية ،
Date of production, publication, distribution, manufacture, or copyright notice 1997 .
300 ## - PHYSICAL DESCRIPTION
Extent 232 ؛ صفحة
Other physical details
Dimensions 24 سم
336 ## - CONTENT TYPE
Source rda content
Content type term text
337 ## - MEDIA TYPE
Source rda media
Media type term Computer
338 ## - CARRIER TYPE
Source rda carrier
Carrier type term Online Resource
504 ## - BIBLIOGRAPHY, ETC. NOTE
Bibliography, etc. note يشتمل على ارجاعات ببليوجرافية .
546 ## - LANGUAGE NOTE
Language note النص أغلبه باللغة العربية مع بعض النصوص الإنجليزية
650 1# - SUBJECT ADDED ENTRY--TOPICAL TERM
Topical term or geographic name entry element القانون الجنائى الدولى
650 1# - SUBJECT ADDED ENTRY--TOPICAL TERM
Topical term or geographic name entry element القانون الدولى
651 1# - SUBJECT ADDED ENTRY--GEOGRAPHIC NAME
Source of heading or term qrmak
856 40 - ELECTRONIC LOCATION AND ACCESS
Uniform Resource Identifier <a href="https://fll.law.cu.edu.eg/fulltext/bks/B11-06471.pdf">https://fll.law.cu.edu.eg/fulltext/bks/B11-06471.pdf</a>
905 ## - Cataloger and Reviser Names
Cataloger Name: A'laa Ahmed
942 ## - ADDED ENTRY ELEMENTS (KOHA)
Source of classification or shelving scheme Dewey Decimal Classification
Koha item type Books
Edition 21
Suppress in OPAC No
Holdings
Withdrawn status Lost status Source of classification or shelving scheme Damaged status Not for loan Collection Home library Current library Date acquired Total checkouts Full call number Barcode Date last seen Copy number Price effective from Koha item type Source of acquisition
    Dewey Decimal Classification   Not for loan القانون الدولي العام جــــامعة القــاهرة مكتبة كلية الحقوق - المبنى الرئيسي 11.11.2025   Law1 11 1997 1106471 341.77 أ ب . ن C1 B11-06471 11.11.2025 1 11.11.2025 Books  
    Dewey Decimal Classification     القانون الدولي العام جــــامعة القــاهرة مكتبة كلية الحقوق - المبنى الرئيسي 12.02.2026   Law1 11 1997 341.77 أ ب . ن 1107684 C2 B11-07684 12.02.2026 2 12.02.2026 Books  
    Dewey Decimal Classification     القانون الدولي العام جــــامعة القــاهرة مكتبة كلية الحقوق - فـرع الشيخ زايد 12.04.2026   Law2 11 341.77 أ ب . ن 1997 1110090 C3 B11-10090 12.04.2026 2 12.04.2026 Books إهداء مكتبة الأستاذ الدكتور صلاح عامر

© All rights reserved — Faculty of Law, Cairo University